20 Anti-Jokes Quiz Stats

 Plays Quiz Updated Jan 10, 2015

Challenge
Share
Tweet
Embed
Score 0/20 Timer 05:00
8 Plays Today
% Correct
Blue fluff.
96.4%
Because if you fell forward, you would still be in the boat.
96.4%
Regress.
95.8%
The other one says, 'Yeah like 350, 375'.
95.7%
One. She was an electrician.
95.6%
He said 'Hey, how far do you think I can kick this bucket?'
95.6%
Finding a worm in your caramel apple, which costs about 35 cents more on average.
95.5%
Mineral Oil, Aloe Vera Extract, Vitamin E, Acetate, Fragrance.
95.4%
'No, all days are 24 hours long,' the man replies, amazed at how uneducated the bartender is.
94.7%
Keeping the cow together.
94%
% Correct
But you can't rob a bank. That's a felony.
94%
Because he was busy washing the dishes and thought a calculator would be completely inappropriate for the situation at hand.
93.7%
A brick.
93.5%
A stick.
93.2%
He wasn't a very good waiter.
92.3%
A bulldozer.
92%
It was broken.
91.5%
Neither can ride a bicycle.
91.1%
I have read and agree to the terms of service.
90.6%
A parking lot.
83.9%

You're not logged in!

Compare scores with friends on all Sporcle quizzes.
Join for Free
OR
Log In

You Might Also Like...

Show Comments

Extras

Top Quizzes Today


Score Distribution

Your Account Isn't Verified!

In order to create a playlist on Sporcle, you need to verify the email address you used during registration. Go to your Sporcle Settings to finish the process.

Report this User

Report this user for behavior that violates our Community Guidelines.

Details: